[Event "Madrid-chT Honor 2223"]
[Site "Madrid"]
[Date "2023.03.05"]
[Round "12.3"]
[White "Yanes Crespo, Javier"]
[Black "Alarcia Astiz, Carlos"]
[Result "0-1"]
[WhiteElo "1971"]
[BlackElo "2261"]
[PlyCount "46"]
[EventDate "2022.11.20"]
[EventType "team-tourn"]
[EventRounds "14"]
[EventCountry "ESP"]
[SourceTitle "EXT 2024"]
[Source "ChessBase"]
[SourceDate "2023.10.10"]
[SourceVersion "1"]
[SourceVersionDate "2023.10.10"]
[SourceQuality "1"]
[WhiteTeam "Virgen de Atocha"]
[BlackTeam "Blanco y Negro"]
[WhiteTeamCountry "ESP"]
[BlackTeamCountry "ESP"]

1. e4 c6 2. c4 d5 3. exd5 cxd5 4. cxd5 Nf6 5. d4 Nxd5 6. Nf3 e6 7. a3 Be7 8. Bd3 Nd7 9. 0-0 0-0 10. Nc3 N7f6 11. Re1 b6 12. Bg5 Bb7 13. Ne2 a6 14. Bc2 Rc8 15. Qd3 b5 16. Ng3 g6 17. h4 Ng4 18. Bxe7 Qxe7 19. Rad1 Nf4 20. Qd2 Bxf3 21. gxf3 Nh3+ 22. Kg2 Ngxf2 23. Rc1 Qxh4 0-1

[Event "Madrid-chT 1718"]
[Site "Madrid"]
[Date "2018.02.10"]
[Round "9.46"]
[White "Yanes Crespo, Javier"]
[Black "Rodriguez Melendez, Juan Humbert"]
[Result "0-1"]
[WhiteElo "1903"]
[BlackElo "2176"]
[PlyCount "104"]
[EventDate "2017.11.19"]
[EventType "team-tourn"]
[EventRounds "14"]
[EventCountry "ESP"]
[SourceTitle "EXT 2019"]
[Source "ChessBase"]
[SourceDate "2018.10.10"]
[SourceVersion "1"]
[SourceVersionDate "2018.10.10"]
[SourceQuality "1"]
[WhiteTeam "Virgen de Atocha"]
[BlackTeam "Blanco y Negro"]
[WhiteTeamCountry "ESP"]
[BlackTeamCountry "ESP"]

1. d4 Nf6 2. Bf4 c5 3. e3 g6 4. Nf3 Bg7 5. Be2 0-0 6. c3 d6 7. h3 Qb6 8. Qb3 Qc7 9. Nbd2 b6 10. 0-0 Bb7 11. Rfd1 Nbd7 12. a4 Rab8 13. Qa3 Ne4 14. Nxe4 Bxe4 15. Nd2 Bc6 16. Bf3 Bxf3 17. Nxf3 Rfc8 18. Bh2 Nf6 19. Rdc1 Qd7 20. b4 Rb7 21. Rab1 Rbc7 22. a5 cxb4 23. cxb4 Qb5 24. Rxc7 Rxc7 25. axb6 Qxb6 26. Qa5 Qc6 27. Bf4 h6 28. h4 Qc2 29. Ra1 Ng4 30. Bg3 Qb2 31. Ne1 h5 32. Qxc7 Qxa1 33. Qc8+ Kh7 34. Kf1 Qa3 35. b5 Nf6 36. Qc2 Qa1 37. Ke2 Nd5 38. Qb3 Nc3+ 39. Kd2 Ne4+ 40. Ke2 Nxg3+ 41. fxg3 Kg8 42. b6 Qa6+ 43. Nd3 axb6 44. Kf2 Bh6 45. Nb4 Qb5 46. Qc3 Kh7 47. Nc6 Qf5+ 48. Ke2 Qe4 49. Kf2 e6 50. Nd8 Kg8 51. Nc6 Bxe3+ 52. Kf1 Kh7 0-1

[Event "Villa de Gijon op 3rd"]
[Site "Gijon"]
[Date "2017.07.24"]
[Round "1"]
[White "Gascon del Nogal, Jose Rafael"]
[Black "Yanes Crespo, Javier"]
[Result "1-0"]
[WhiteElo "2489"]
[BlackElo "1904"]
[PlyCount "71"]
[EventDate "2017.07.24"]
[EventType "swiss"]
[EventRounds "9"]
[EventCountry "ESP"]
[SourceTitle "CBM 179 Extra"]
[Source "ChessBase"]
[SourceDate "2017.08.23"]
[SourceVersion "1"]
[SourceVersionDate "2017.08.23"]
[SourceQuality "1"]

1. c4 g6 2. Nc3 Bg7 3. d4 c5 4. d5 Bxc3+ 5. bxc3 f5 6. f3 Qa5 7. e4 fxe4 8. fxe4 d6 9. Qc2 Nd7 10. Nf3 Ngf6 11. Bd3 Ng4 12. 0-0 Nde5 13. Be2 Nxf3+ 14. gxf3 Nf6 15. Bg5 Bd7 16. e5 dxe5 17. d6 Qa4 18. Qd3 Qc6 19. dxe7 Kxe7 20. Rad1 Rad8 21. Qe3 Kf7 22. Rd5 Nxd5 23. cxd5 Qd6 24. f4 e4 25. Bxd8 Rxd8 26. Qxe4 Re8 27. Qf3 Qe7 28. Rf2 Qe3 29. c4 Qxf3 30. Bxf3 Re3 31. h4 Rc3 32. d6 Rd3 33. Bd5+ Kf6 34. Re2 b5 35. Re7 bxc4 36. Rf7# 1-0

[Event "Asturias-ch Juvenil"]
[Site "Oviedo"]
[Date "2012.12.29"]
[Round "4.4"]
[White "Yanes Crespo, Javier"]
[Black "Serrano Campo, Carlos"]
[Result "0-1"]
[WhiteElo "1620"]
[BlackElo "1781"]
[PlyCount "72"]
[EventDate "2012.12.26"]
[EventType "swiss"]
[EventRounds "5"]
[EventCountry "ESP"]
[SourceTitle "EXT 2024"]
[Source "ChessBase"]
[SourceDate "2023.10.10"]
[SourceVersion "1"]
[SourceVersionDate "2023.10.10"]
[SourceQuality "1"]

1. d4 d5 2. c4 e6 3. Nf3 c6 4. e3 f5 5. b3 Nf6 6. Be2 Bd6 7. Ba3 Bxa3 8. Nxa3 Qa5+ 9. Nd2 Qxa3 10. 0-0 0-0 11. f4 Nbd7 12. h3 Qe7 13. g4 Ne4 14. Nxe4 fxe4 15. g5 Rf7 16. Bh5 g6 17. Bg4 Nf8 18. Kg2 h6 19. h4 Rh7 20. Rh1 e5 21. Bxc8 Rxc8 22. dxe5 Qc5 23. Qe2 dxc4 24. bxc4 Rd8 25. Rad1 Rhd7 26. Rxd7 Rxd7 27. Rc1 Rd3 28. Re1 h5 29. f5 Qxe5 30. fxg6 Nxg6 31. Qxh5 Rd2+ 32. Re2 Rxe2+ 33. Qxe2 Nxh4+ 34. Kh3 Qxg5 35. Qg4 Qxg4+ 36. Kxg4 Ng2 0-1